<?xml version="1.0" encoding="UTF-8"?>
<marc:record xmlns:marc="http://www.loc.gov/MARC21/slim">
   <marc:leader>00000nam a2200000 a 4500</marc:leader>
   <marc:datafield ind1="1" ind2=" " tag="100">
      <marc:subfield code="a">Reider, Katja</marc:subfield>
      <marc:subfield code="4">aut</marc:subfield>
      <marc:subfield code="e">Verfasser/-in</marc:subfield>
   </marc:datafield>
   <marc:datafield ind1="1" ind2=" " tag="100">
      <marc:subfield code="a">Flad, Antje</marc:subfield>
   </marc:datafield>
   <marc:datafield ind1=" " ind2=" " tag="653">
      <marc:subfield code="a">ab 2 Jahre</marc:subfield>
   </marc:datafield>
   <marc:datafield ind1=" " ind2=" " tag="653">
      <marc:subfield code="a">Fühlbilderbücher</marc:subfield>
   </marc:datafield>
   <marc:datafield ind1=" " ind2=" " tag="653">
      <marc:subfield code="a">Pappbilderbuch</marc:subfield>
   </marc:datafield>
   <marc:datafield ind1=" " ind2=" " tag="653">
      <marc:subfield code="a">Gefühle verstehen Bilderbuch</marc:subfield>
   </marc:datafield>
   <marc:datafield ind1=" " ind2=" " tag="653">
      <marc:subfield code="a">Entwicklungsphase Kleinkinder</marc:subfield>
   </marc:datafield>
   <marc:datafield ind1=" " ind2=" " tag="653">
      <marc:subfield code="a">Trotzphase</marc:subfield>
   </marc:datafield>
   <marc:datafield ind1="0" ind2="0" tag="245">
      <marc:subfield code="a">Wenn kleine Böckchen bockig sind</marc:subfield>
   </marc:datafield>
   <marc:datafield ind1="0" ind2="0" tag="245">
      <marc:subfield code="b">Pappbilderbuch ab 2 Jahren mit liebevollen Reimen - Hilft Familien entspannt durch die Trotzphase</marc:subfield>
   </marc:datafield>
   <marc:datafield ind1="0" ind2="0" tag="245">
      <marc:subfield code="c">Katja Reider. Loewe Verlag GmbH. Antje Flad</marc:subfield>
   </marc:datafield>
   <marc:datafield ind1=" " ind2="1" tag="264">
      <marc:subfield code="a">Bindlach</marc:subfield>
      <marc:subfield code="b">Loewe</marc:subfield>
      <marc:subfield code="c">2026</marc:subfield>
   </marc:datafield>
   <marc:datafield ind1="1" ind2=" " tag="490">
      <marc:subfield code="a">Loewe von Anfang an</marc:subfield>
      <marc:subfield code="v">rot</marc:subfield>
   </marc:datafield>
   <marc:datafield ind1="1" ind2=" " tag="520">
      <marc:subfield code="a">Böckchen komm, mach dich bereit. Wir müssen los, wird höchste Zeit. Doch das kleine Böckchen will heute nicht und wenn kleine Böckchen bockig werden, gibts Tränen, Wut, lauthals Beschwerden.##Wie aus der miesen Laune doch noch ein Lächeln werden kann, zeigt dieses Buch.##Eine gereimte Vorlesegeschichte mit Tipps für die kindliche Trotzphase##Pappbilderbuch für Kinder ab 18 Monaten Mit vielen Anregungen und Ideen zum gemeinsamen Meistern der Trotzphase Die perfekte Geschichte zum Entspannen und Runterkommen Für jeden Tag: die kleine Auszeit im stressigen Familien-Alltag Melodiöse Reime beruhigen und sorgen für gute Laune und animieren zum Nachsprechen Stimmungsvolle Illustrationen regen zum Träumen an Einfühlsam und verständnisvoll für die großen Emotionen der Kleinen Handliches Format auch für unterwegs auf Reisen Bewährte Qualität: stabile Seiten und abgerundete Ecken Vorlesen hilft dabei Kinder abzulenken und auf andere Gedanken zu bringen Gemeinsame Rituale geben Kindern Sicherheit und Zufriedenheit</marc:subfield>
   </marc:datafield>
   <marc:datafield ind1=" " ind2=" " tag="020">
      <marc:subfield code="a">9783743221215</marc:subfield>
      <marc:subfield code="9">9783743221215</marc:subfield>
   </marc:datafield>
   <marc:datafield ind1=" " ind2=" " tag="041">
      <marc:subfield code="a">ger</marc:subfield>
   </marc:datafield>
   <marc:datafield ind1=" " ind2=" " tag="542">
      <marc:subfield code="d">Loewe Verlag GmbH</marc:subfield>
   </marc:datafield>
   <marc:datafield ind1=" " ind2=" " tag="300">
      <marc:subfield code="a">18 Seiten</marc:subfield>
   </marc:datafield>
</marc:record>
